Sports Quiz

Random Sports or NFL Quiz

NFL - Drafting Your Own Winning QB Quiz Stats

 Plays Quiz Updated Dec 18, 2018

Challenge
Share
Tweet
Embed
Score 0/32 Timer 07:00
0 Plays Today
Team Quarterback % Correct
New England PatriotsTom Brady
95.4%
Seattle SeahawksRussell Wilson
91.7%
Indianapolis ColtsAndrew Luck
91.4%
Washington RedskinsKirk Cousins
91.2%
Baltimore RavensLamar Jackson
88.4%
Green Bay PackersAaron Rodgers
88.1%
Carolina PanthersCam Newton
87.5%
Atlanta FalconsMatt Ryan
87.1%
Pittsburgh SteelersBen Roethlisberger
84.5%
Detroit LionsMatthew Stafford
84.3%
San Francisco 49ersC.J. Beathard
84%
Cincinnati BengalsAndy Dalton
82.5%
Minnesota VikingsTeddy Bridgewater
81.4%
New York JetsSam Darnold
80.2%
Los Angeles RamsJared Goff
78.6%
Miami DolphinsRyan Tannehill
76.1%
Team Quarterback % Correct
Oakland RaidersDerek Carr
75%
Denver BroncosTrevor Siemian
71.6%
Tennessee TitansMarcus Mariota
71.3%
Jacksonville JaguarsBlake Bortles
69.2%
Tampa Bay BuccaneersJameis Winston
69.2%
Los Angeles ChargersDrew Brees
68.9%
Philadelphia EaglesNick Foles
68.8%
Cleveland BrownsBaker Mayfield
61.1%
Buffalo BillsJosh Allen
57.3%
Chicago BearsMitch Trubisky
48.7%
Houston TexansDeshaun Watson
40.6%
Dallas CowboysDak Prescott
22.6%
Arizona CardinalsJosh Rosen
15.1%
Kansas City ChiefsPatrick Mahomes
8.6%
New York GiantsKent Graham
4.2%
New Orleans SaintsDanny Wuerffel
1.4%

You're not logged in!

Compare scores with friends on all Sporcle quizzes.
OR
Log In

You Might Also Like...

Show Comments

Extras

Top Quizzes Today


Score Distribution

Your Account Isn't Verified!

In order to create a playlist on Sporcle, you need to verify the email address you used during registration. Go to your Sporcle Settings to finish the process.

Report this User

Report this user for behavior that violates our Community Guidelines.

Details: